[Event "TUR-chT"]
[Site "Konya"]
[Date "2012.07.11"]
[Round "1"]
[White "Mamedyarov, Shakhriyar"]
[Black "Adams, Michael"]
[Result "1/2-1/2"]
[WhiteElo "2726"]
[BlackElo "2723"]
[Annotator "Miroshnichenko,E"]
[PlyCount "45"]
[EventDate "2012.07.11"]
[EventType "team-tourn"]
[EventRounds "13"]
[EventCountry "TUR"]
[SourceTitle "CBM 149 Extra"]
[Source "ChessBase"]
[SourceDate "2012.08.24"]
[SourceVersion "1"]
[SourceVersionDate "2012.08.24"]
[SourceQuality "1"]
[WhiteTeam "Besiktas Jimnastik"]
[BlackTeam "Istanbul Aquamatch"]
[WhiteTeamCountry "TUR"]
[BlackTeamCountry "TUR"]

1. d4 Nf6 2. c4 e6 3. Nc3 Bb4 4. Qc2 d5 5. cxd5 (5. a3 {is another main line.})
5... Qxd5 ({Much more popular is} 5... exd5 {, however the "unambitious" but
solid move in the game is quite a smart choice against Mamedyarov.}) 6. Nf3 (6.
e3 c5 7. Bd2 Bxc3 8. Bxc3 cxd4 9. Bxd4 Nc6 10. Bxf6 (10. Bc3)) 6... Qf5 7. Qb3
(7. Qxf5 exf5 {doesn't promise anything, as Black is gaining firm control over
the center.}) 7... Nc6 8. Bd2 a5 (8... O-O 9. h3 b6 $6 10. g4 Qa5 11. Rc1 Bb7
12. a3 Bxc3 13. Bxc3 Qd5 14. Qxd5 Nxd5 15. Bd2 Nf6 16. Rg1 Rac8 17. Bg2 Ne7 18.
Bb4 c5 19. dxc5 Rfd8 20. Ne5 Bxg2 21. Rxg2 bxc5 22. Rxc5 Ne4 23. Rxc8 Rxc8 24.
Nd3 Nd5 25. Bd2 Rc2 26. Bc1 f5 27. Kd1 Rc8 28. f3 Nd6 29. Ke1 a5 30. e3 e5 31.
gxf5 e4 32. fxe4 Nxe4 33. Bd2 a4 34. Nf2 Nd6 35. Rg4 Nc4 36. e4 Nf6 37. Rg3
Nxb2 38. e5 Nd5 39. f6 Kf7 40. Ne4 Nc4 41. fxg7 Kg8 42. Rd3 Ndb6 43. Bh6 Nxe5
44. Nf6+ Kf7 45. Rc3 Rxc3 46. g8=Q+ Kxf6 47. Bg7+ {1-0 Anand,V (2783)-Kramnik,
V (2772)/ Bonn 2008/}) 9. e3 (9. a3 a4 10. Qd1 Bd6 {doesn't seem to make much
difference compared to the game, but gives White additional option of} 11. h3 {
as in Vitiugov,N (2707)-Riazantsev,A (2674)/Poikovsky 2010/ -} e5 12. e4 Qh5 (
12... Nxe4 $5 13. Bd3 Nxc3 14. Bxc3 e4 15. Qe2 O-O 16. Bxe4 Qh5 {and I don't
believe White has anything special there.}) 13. d5 Nd4 14. Be2 Nxe2 15. Qxe2
O-O 16. O-O-O Nd7 17. g4 Qg6 18. Nh4 Qf6 19. Nf5 {with a complicated position
where both sides have their trumps. Nevertheless, White's plan looks more
concrete to me.}) 9... O-O 10. a3 a4 (10... Bd6 11. Nb5 e5 12. dxe5 Nxe5 13.
Nxd6 cxd6 14. Nd4 Qg6 15. f3 Nfd7 $5 (15... d5 16. Rc1 Nc4 17. Qc2 Nxd2 18.
Qxd2 Re8 19. Kf2 Bd7 20. Bd3 Qh6 21. Rc7 b6 22. Bf5 Rad8 23. h4 Bxf5 24. Nxf5
Qh5 25. g4 Qg6 26. e4 h6 27. h5 Qh7 28. exd5 Re5 29. Qf4 Rxf5 30. gxf5 Kh8 31.
d6 Nd5 32. Qe5 Nxc7 33. dxc7 Rc8 34. Rd1 Qg8 35. Qe7 {1-0 Dreev,A (2711)
-Abasov,N (2481)/Baku 2011/ CBM 143 Extra}) 16. Qc2 Qxc2 17. Nxc2 Nc5 18. Bc3
Na4 19. O-O-O {seems to be slightly better for White.}) 11. Qd1 Bd6 12. g4 $6 {
This move is a novelty, at least according to my database, however the idea is
typical for both this position and Mamedyarov's style :).} (12. Nh4 Qg5 13. g3
e5 14. d5 Ne7 15. e4 Qg4 16. Qxg4 Bxg4 17. f3 Bd7 18. Nb5 Ne8 19. Rc1 f5 20.
Nxd6 cxd6 21. Bh3 h6 22. O-O g5 23. Nxf5 Nxf5 24. Bxf5 Bxf5 25. exf5 Rxf5 26.
Rc4 Kg7 27. Kg2 Rf7 28. f4 gxf4 29. gxf4 Nf6 30. fxe5 dxe5 31. d6 Ra6 32. Rc7
Kg6 33. Bxh6 Rxc7 34. dxc7 Ra8 35. Bd2 Rc8 36. Ba5 b6 37. Bxb6 Nd5 38. Rd1 Nxb6
39. Rd6+ Kf5 40. Rxb6 Rxc7 41. h4 e4 42. h5 Kg4 43. h6 Kf4 44. b3 axb3 45. Rxb3
Rc2+ 46. Kf1 Rh2 47. Rb6 e3 48. a4 e2+ 49. Ke1 Ke3 50. Rb3+ {1/2 Grigore,G 
(2558)-Salvador,R (2447)/ Bratto 2009/}) 12... Nxg4 (12... Qxg4 $2 13. Rg1 Qh5
(13... Qf5 $4 14. Rg5 $18) 14. Rg5 Qh6 15. e4 {and White is nearly winning -}
Be7 16. Ra5 $1 Qxd2+ 17. Qxd2 Nxa5 18. Qc2 $16) 13. h3 ({Another tempting
continuation} 13. e4 {seem to lead nowhere after} Qh5 14. e5 (14. h3 e5 $1)
14... Be7 15. h3 Nh6 16. Be2 f6 {, and the black queen escapes the danger.})
13... Nf6 14. Rg1 e5 $1 ({Less convincing would have been} 14... h6 15. e4 Nxe4
16. Bxh6 Ng3 17. Bd3 Qh5 18. Bxg7 Kxg7 19. Ne4 $1) 15. d5 Ne7 (15... Na5 $5)
16. Rg5 Qd7 17. Nxe5 Bxe5 18. Rxe5 h6 $1 {Well, the rook is definitly not a
piece you want to be centralized this way!} 19. Ne4 {Otherwhise Black would
play 19... Ng6, trapping the rook.} Nxe4 (19... Nfxd5 $5 {looks even stronger,
as White's rook is still awkwardly placed on e5.}) 20. Rxe4 Nxd5 21. Qf3 Qf5
22. Qg2 Be6 (22... Qf6 $5 23. O-O-O Bf5 24. Rd4 c6 {with clear advantage for
Black.}) 23. O-O-O {and to my surprise a draw was agreed.} (23. O-O-O Rfd8 24.
Rd4 Qf6 {and White's compensation for the pawn is questionable to say the
least.}) 1/2-1/2

[Event "EU-ch 6th"]
[Site "Warsaw"]
[Date "2005.06.27"]
[Round "9"]
[White "Nyback, Tomi"]
[Black "Romanov, Evgeny"]
[Result "1-0"]
[WhiteElo "2551"]
[BlackElo "2437"]
[Annotator "Mueller,Karsten"]
[PlyCount "89"]
[EventDate "2005.06.18"]
[EventType "swiss"]
[EventRounds "13"]
[EventCountry "POL"]
[SourceTitle "CBM 108"]
[Source "ChessBase"]
[SourceDate "2005.09.26"]
[SourceVersion "1"]
[SourceVersionDate "2005.09.26"]
[SourceQuality "1"]

1. d4 Nf6 2. c4 e6 3. Nc3 Bb4 4. Qc2 d5 5. cxd5 Qxd5 6. e3 c5 7. Bd2 Bxc3 8.
Bxc3 cxd4 9. Bxd4 Nc6 10. Bc3 O-O 11. Nf3 Qc5 12. Rc1 Nd5 13. Bd2 Qxc2 14. Rxc2
Bd7 15. e4 Nb6 16. Bd3 e5 17. h3 f6 18. Ke2 Rfc8 19. Rhc1 Nd8 20. Be3 Rxc2+ 21.
Rxc2 Rc8 22. Rxc8 Bxc8 23. Nd2 Be6 24. Bxb6 axb6 25. Bc4 Kf7 26. Bd5 Ke7 27.
Kd3 b5 28. Nf1 Bxd5 29. exd5 Kd6 30. Ne3 Kc5 31. Ke4 g6 32. Ng4 f5+ 33. Kxe5
fxg4 34. hxg4 b4 35. f4 b5 36. f5 b3 37. axb3 b4 38. g3 Nf7+ 39. Ke6 Ng5+ 40.
Ke5 Nf7+ 41. Kf6 Nh6 $2 {Stellt den Springer aufs Abstellgleis.} (41... Nd6 {
war vonnöten:} 42. Ke6 Ne4 43. f6 Ng5+ 44. Ke7 Kxd5 45. f7 Nxf7 46. Kxf7 Ke4
47. Kg7 Kd3 48. Kxh7 Kc2 49. Kxg6 Kxb3 50. g5 Kxb2 51. Kf6 Kc3 52. g6 b3 53. g7
b2 54. g8=Q b1=Q $11) 42. Ke6 gxf5 43. d6 Kc6 44. d7 Kc7 45. g5 (45. g5 Ng8 46.
Kf7 Kxd7 47. Kxg8 $18) 1-0

[Event "RUS-chT 11th"]
[Site "Sochi"]
[Date "2004.04.25"]
[Round "6.6"]
[White "Belozerov, Andrei"]
[Black "Solozhenkin, Evgeniy"]
[Result "0-1"]
[WhiteElo "2552"]
[BlackElo "2480"]
[Annotator "Mueller,Karsten"]
[PlyCount "114"]
[EventDate "2004.04.20"]
[EventType "team-tourn"]
[EventRounds "9"]
[EventCountry "RUS"]
[SourceTitle "EXT 2020"]
[Source "ChessBase"]
[SourceDate "2019.10.17"]
[SourceVersion "1"]
[SourceVersionDate "2019.10.17"]
[SourceQuality "1"]
[WhiteTeam "Tomsk 400"]
[BlackTeam "Sankt Petersburg"]
[WhiteTeamCountry "RUS"]
[BlackTeamCountry "RUS"]

1. d4 Nf6 2. c4 e6 3. Nc3 Bb4 4. Qc2 d5 5. cxd5 Qxd5 6. e3 c5 7. Bd2 Bxc3 8.
Bxc3 cxd4 9. Bxd4 Nc6 10. Bxf6 gxf6 11. Ne2 Qe5 12. Nc3 Bd7 13. Be2 f5 14. Rd1
Ne7 15. Bf3 Bc6 16. Bxc6+ Nxc6 17. O-O O-O 18. Rd7 Rab8 19. Rfd1 Rfd8 20. Qa4
Rxd7 21. Rxd7 b5 22. Qh4 b4 23. Na4 Rc8 24. Qg5+ Qg7 25. Qxg7+ Kxg7 26. Nc5 Kf6
27. Nb3 Na5 28. g4 Nxb3 29. axb3 fxg4 30. Rxa7 Rc2 31. Rb7 Rxb2 32. Rxb4 h5 33.
Kg2 Kg5 34. Rb8 h4 35. Rg8+ Kf5 36. Rb8 e5 37. Rh8 h3+ 38. Kg3 f6 39. Rh4 Rb1
40. e4+ Kxe4 41. Rxg4+ Kf5 42. Rb4 Rg1+ 43. Kxh3 e4 44. Rc4 Kf4 45. Rc6 f5 46.
Rc3 Ke5 47. Rg3 Rb1 48. Kg2 f4 49. Rg5+ Kf6 50. Rb5 Rb2 {You just feel that
this rook ending should be a draw. But what is the move which ensures this?} {
[%tqu "En","You just feel that this rook ending should be a draw. But what is
the move which ensures this?","","","g2g1","",-2,"g2f1","",4,"De","Man fühlt,
dass dieses Turmendspiel remis sein sollte. Doch welcher Zug stellt dies
sicher?","","","g2g1","",-2,"g2f1","",4]} 51. Kg1 $2 (51. Kf1 {is necessary.
ist vonnöten:} f3 52. Ke1 Rb1+ 53. Kd2 Rf1 $2 (53... Rb2+ 54. Ke3 Re2+ 55. Kf4
Rxf2 $11) 54. Ke3 Re1+ 55. Kf4 {only White can win. kann nur Weiß gewinnen.}) {
[%tqu "En","Black to move and win","","","f4f3","",2,"De","Schwarz zieht und
gewinnt","","","f4f3","",2]} 51... f3 52. h4 Rb1+ 53. Kh2 e3 $1 {White must
have overlooked this breakthrough.  diesen Durchbruch muss Weiß übersehen
haben.} 54. Rb6+ Ke7 55. Rb7+ Kd6 56. Kg3 ({Nor is Auch} 56. fxe3 {of any more
help: hilft nicht mehr:} f2 57. Rf7 f1=Q 58. Rxf1 Rxf1 59. Kg3 Ke6 60. Kg4 Rb1
61. Kg5 Rxb3 62. Kf4 Rb1 63. e4 Rh1 64. Kg5 Ke5 65. h5 Rg1+ 66. Kh4 (66. Kh6
Kxe4 67. Kh7 Kf5 68. h6 Rg6 $19) 66... Kf4 $19) 56... e2 57. Rb6+ Kd5 0-1

[Event "FIDE-Wch k.o."]
[Site "Las Vegas"]
[Date "1999.08.06"]
[Round "3.1"]
[White "Beliavsky, Alexander G"]
[Black "Short, Nigel D"]
[Result "0-1"]
[WhiteElo "2618"]
[BlackElo "2675"]
[Annotator "Pein,M"]
[PlyCount "153"]
[EventDate "1999.07.31"]
[EventType "k.o."]
[EventRounds "7"]
[EventCountry "USA"]
[SourceTitle "CBM 072"]
[Source "ChessBase"]
[SourceDate "1999.10.01"]
[SourceVersion "1"]
[SourceVersionDate "1999.10.01"]
[SourceQuality "1"]

1. d4 Nf6 2. c4 e6 3. Nc3 Bb4 4. Qc2 d5 5. cxd5 Qxd5 {Another idea from the
creative genius of Romanishin, Short is not afraid to play it against another
Ukrainian although Belyavsky is now resident in Slovenia nowadays.} 6. Nf3 Qf5
7. Qb3 (7. Qd1 c5 8. e3 cxd4 9. exd4 Ne4 10. Bd2 Nc6 {was Timman v Short}) 7...
Nc6 (7... c5 {Has been played with success by Short and also occurred
Bareev-Belyavsky Linares 1994} 8. a3 Ba5 {Belyavsky took on c3} 9. e3 Nc6 10.
Be2 cxd4 11. exd4 Qe4 {and Black stood well in Onischuk v Short Wijk aan Zee
1995}) 8. a3 Ba5 (8... Bd6 9. e4 Nxe4 10. Bd3 Nc5 11. dxc5 Qxd3 12. cxd6 $18)
9. e3 O-O 10. Qb5 {My guess is that Belyavsky was unprepared for 7...Nc6 and
now decided to halve out but Short wants to play on.} e5 $1 (10... Ne4 11. Qxf5
exf5 12. Bd2 Nxd2 13. Nxd2 f4 {is fine for Black}) 11. Bd3 (11. dxe5 Ne4 (11...
Ng4 12. Bd3 Qh5 13. e6 $1) 12. Bd3 (12. Bd2 {Was perhaps the last attempt to
equalize} Nxd2 13. Nxd2 Rd8 {still looks good for Black. Why is this? White is
worse so quickly. The culprit must be the three moves of the white queen the
last of which just looks bad.}) 12... Nxc3 $1 13. Bxf5 (13. Qxa5 Nxa5 14. Bxf5
Nb3 $1 $17) 13... Nxb5+ $19) 11... Qg4 {This is the sharpest 11...e4 was also
quite good} (11... e4 12. Qxf5 Bxf5 13. Bc2 exf3 14. Bxf5 fxg2 15. Rg1 Rfe8 16.
Kd1 (16. Rxg2 Nxd4) 16... Ne7 17. Bd3 c5 $1) 12. O-O a6 (12... e4 {was also
quite good but a6 is useful and after Qb3 Black can play Be6 with tempo
sometimes]}) 13. Qb3 Bxc3 14. Qxc3 (14. bxc3 e4 15. Ne5 Nxe5 16. dxe5 exd3 17.
exf6 Rd8 18. fxg7 Qxg7 19. f3 d2 20. Bb2 Be6 21. c4 (21. Qb4 Bh3 {wins}) 21...
Bxc4 22. Qxc4 Qxb2 {And Black must win in the long run}) 14... e4 15. Ne5 Nxe5
16. dxe5 Nd5 17. Qd4 exd3 18. Qxd5 Be6 (18... Qe2 {Looks like the natural move
keeping the d3 pawn on the board. White can blockade on d2 but it looks grim}
19. f3 Be6 20. Qa5 Rfd8 21. Rf2 Qd1+ 22. Rf1 Qb3 23. Bd2 b6 24. Qc3 c5 {
Preparing the cement mixer with ...c4 and ..b5}) 19. Qxd3 Bc4 20. Qd1 Be2 21.
f3 $1 {Desperate defence. It looks like 21...Qc4 is winning now but} Bxd1 (
21... Qc4 22. b3 $1 Qb5 23. a4 Qxe5 24. Qxe2 Qxa1 25. Bb2 Qa2 26. Qc2 {Traps
the black queen so Short takes the endgame where he has better pawns and the
initiative}) 22. fxg4 Bxg4 23. Bd2 Rfd8 24. Bc3 c5 {In these positions with
rooks and opposite bishops anchoring the bishop on an active square is always
a good idea. Black's bishop stands well on e6 or c6 White's wants to sit on d4
and keep out the black rooks hence c5} 25. Rac1 Rd3 26. Kf2 Rad8 27. Ba5 $2 {
It looks better to sit tight with h3 and try to challenge rooks on the 'd' file
} R8d5 28. Bb6 $2 {again h3} Rb3 $1 29. Bxc5 Rxb2+ 30. Kg3 Be6 31. Rcd1 (31.
Rfd1 h5 32. h4 $5) 31... h5 $1 {There is the unpleasant prospect of an
exchange of the black h pawn for the white g pawn which would leave White with
four isolated pawns} 32. Bd4 (32. h4 Rxc5) 32... h4+ $1 33. Kf3 (33. Kxh4 Rxg2)
33... Rb3 34. a4 Ra5 35. Ra1 Bd7 36. Rfc1 Bc6+ (36... Rxa4 37. Rxa4 Bxa4 38.
Rc7 Bc6+ 39. Kg4 Bxg2 40. e6 fxe6 41. Rxg7+ Kf8 42. Kg5 {appears to give White
counterplay but} e5 $1 43. Bxe5 Rxe3 {should win}) 37. Kg4 Rb4 {Black appears
to have an easy task now that he has encircled the a4 pawn.} 38. Kxh4 Rxe5 (
38... Raxa4 {Looks simpler but it would have denied us the brilliant play from
Short that follows.  White's next is a great last ditch defence that gives him
a tempo to defend the a pawn}) 39. g4 $1 Rd5 (39... Ra5 40. Bc3) 40. a5 Rbb5
41. Bc3 {Short has to win the game again but his rooks are active White's
pawns are still weak and of course the anchored bishop on c6 can create some
nasty threats. Stage 1 is to get a rook to the seventh} Rd3 42. Bd4 Rd2 {
Stage 2 is to get his partner to join him} 43. Kg3 Rg2+ 44. Kh3 Rf2 45. Rg1 f6
{White is running out of moves. The Ra1 defends a5, The Rg1 is needed to
answer ...Rf3+ with Rg3 and the Bd4 prevents Rb2. Something has to give} 46.
Bc3 Rb3 47. Rac1 g5 48. Bd4 Kf7 {Short makes sure he takes pawns only under
optimal conditions.} 49. Rc5 (49. Ra1 Rd3 {wins because after} 50. Rad1 Rf3+
51. Kg2 Rf4+ 52. Kg3 Rfxd4 {is the end}) 49... Ra3 {Winning a second pawn
because ...Ra2 has to be prevented so the Rg1 must move and Black forces the
white king to submit to a discovered check} 50. Ra1 Rf3+ 51. Kg2 Rfxe3+ 52. Kf2
(52. Rxc6 bxc6 53. Bxe3 Rxa1) 52... Rf3+ 53. Kg1 Rad3 54. Bf2 Rd2 55. Bg3 {
Black has the lovely choice of 55...Rd4 and plucking g4 or 55...Rb3 and Rbb2
finally getting both rooks on the seventh. Short has skilfully exploited the
lack of co-ordination of the white forces. Having a bishop anchored is so
important in these positions.} Rb3 56. Rf5 (56. Rf1 Rg2+ 57. Kh1 Rbb2) 56...
Rg2+ 57. Kf1 Rbb2 {Decisive, the threat is Bb5+ so another pawn drops.
Beautiful play from Short he can choose the h pawn or the g pawn} 58. Rf2
Rbxf2+ 59. Bxf2 Rxg4 {Making a passed pawn. White can still only watch} 60. Ra3
Kg6 61. Bb6 Rf4+ 62. Kg1 Rc4 63. Ra2 f5 64. Bd8 Rc1+ 65. Kf2 Rh1 66. Ke3 f4+
67. Kd3 Kf5 68. Rd2 g4 69. Bc7 Be4+ 70. Kd4 Rc1 $1 {The final phase, Black
manoeuvres until he forces the bishop off the b8-h2 diagonal} 71. Bd6 Rc6 72.
Bb8 Rc8 73. Bd6 Rd8 74. Kc3 Bf3 $1 {Covering all the squares the white rook
will need and placing Belyavsky in zugswang.} 75. Rd4 (75. Bc7 Rc8 76. Rd7 g3)
75... Rxd6 $1 76. Rxd6 g3 77. Kd4 {This last move is given but seems
nonsensical} (77. hxg3 fxg3 78. Rb6 (78. Rd8 g2 79. Rg8 Bg4) 78... g2 79. Rb1
Kf4 80. Kd2 Bh5 {Finishes elegantly, Kf3-f2 decides} 81. Rg1 Kg3 82. Ke1 Bf3)
0-1

[Event "Reykjavik zt"]
[Site "Reykjavik"]
[Date "1995.??.??"]
[Round "11"]
[White "Hansen, Lars Bo"]
[Black "Petursson, Margeir"]
[Result "1/2-1/2"]
[WhiteElo "2580"]
[BlackElo "2535"]
[Annotator "Petursson,M"]
[PlyCount "50"]
[EventDate "1995.03.??"]
[EventType "swiss"]
[EventRounds "11"]
[EventCountry "ISL"]
[SourceTitle "CBM 047"]
[Source "ChessBase"]
[SourceDate "1995.08.01"]
[SourceVersion "1"]
[SourceVersionDate "1995.08.01"]
[SourceQuality "1"]

1. d4 Nf6 2. c4 e6 3. Nc3 Bb4 4. Qc2 d5 5. cxd5 Qxd5 6. e3 c5 7. a3 cxd4 (7...
Bxc3+ {Alekhine-Euwe, match 1937}) 8. axb4 dxc3 9. bxc3 O-O (9... b5 {
Kasparov-P. Nikolic, Moskva ol 1994}) 10. Nf3 b6 11. c4 $1 Qd6 12. Ba3 Qc7 13.
Be2 Bb7 14. b5 $6 (14. O-O Ng4 $2 15. Rfd1 $1 Bxf3 16. Bxf3 Qxh2+ 17. Kf1 $18)
14... Rd8 15. c5 (15. O-O Nbd7 {/\ Nc5=}) 15... bxc5 16. Qxc5 Qa5+ 17. Qb4
Qxb4+ 18. Bxb4 a6 $10 19. Be7 Rc8 20. Bxf6 gxf6 21. O-O axb5 22. Rxa8 Bxa8 23.
Bxb5 Bxf3 24. gxf3 Nc6 25. Bxc6 Rxc6 1/2-1/2

[Event "Copenhagen K41"]
[Site "Copenhagen"]
[Date "1995.??.??"]
[Round "2"]
[White "Kjeldsen, Jens"]
[Black "Petursson, Margeir"]
[Result "0-1"]
[WhiteElo "2410"]
[BlackElo "2535"]
[Annotator "Petursson,M"]
[PlyCount "66"]
[EventDate "1995.06.??"]
[EventType "tourn"]
[EventRounds "9"]
[EventCountry "DEN"]
[EventCategory "10"]
[SourceTitle "CBM 048"]
[Source "ChessBase"]
[SourceDate "1995.10.01"]
[SourceVersion "1"]
[SourceVersionDate "1995.10.01"]
[SourceQuality "1"]

1. d4 Nf6 2. c4 e6 3. Nc3 Bb4 4. Qc2 d5 5. cxd5 Qxd5 6. Nf3 Qf5 7. Qb3 c5 8. e3
Nc6 9. a3 Ba5 10. Be2 cxd4 11. exd4 Qd5 12. Qd1 (12. Bc4 Qe4+ $13 {
Shabalov-Romanishin, Bad Godesburg 1994}) 12... Qd6 13. O-O O-O 14. Bg5 $6 (14.
Be3 $10) 14... Rd8 $1 15. Qa4 Bb6 16. Rad1 Bd7 $1 $15 (16... Nxd4 $4 17. Nxd4
Bxd4 18. Bxf6 gxf6 19. Nb5) 17. Nb5 (17. Bxf6 gxf6 18. Ne4 Qf4 19. Qc2 Be8 20.
g3 Qh6 $17) 17... Qe7 18. Qb3 Be8 19. Qe3 Rd7 $1 $17 {x d4} 20. Qf4 h6 21. Bh4
Nd5 $5 (21... Rad8 $17) 22. Qc1 (22. Qg4 Nf6 (22... Qf8 23. Ne5 $1 $132) 23.
Qf4 Rad8) 22... g5 23. Bg3 f5 $1 24. Be5 Nxe5 25. Nxe5 Nf4 26. Rfe1 Rdd8 $19
27. Nc3 Rxd4 28. Rxd4 Bxd4 29. Nf3 Bb6 30. Bf1 Rd8 31. Qc2 Qc5 32. Re5 Qd6 33.
g3 Nd3 0-1

[Event "Rohde op 08th"]
[Site "Sautron"]
[Date "2008.10.28"]
[Round "5"]
[White "Gagunashvili, Merab"]
[Black "Lalic, Bogdan"]
[Result "1-0"]
[WhiteElo "2576"]
[BlackElo "2531"]
[Annotator "Primel,D"]
[PlyCount "99"]
[EventDate "2008.10.25"]
[EventType "swiss"]
[EventRounds "9"]
[EventCountry "FRA"]
[SourceTitle "EXT 2009"]
[Source "ChessBase"]
[SourceDate "2008.11.26"]
[SourceVersion "1"]
[SourceVersionDate "2008.11.26"]
[SourceQuality "1"]

1. d4 Nf6 {LALIC était en tête du tournoi après la 4ème ronde avec un 1/2
point d'avance sur son adversaire et le géorgien devait jouer pour le gain.} 2.
c4 e6 3. Nc3 Bb4 4. Qc2 d5 {La grande mode actuelle et pendant le tournoi,
cette ligne d5 a d'ailleurs été jouée pendant le championnat du Monde} (4... c5
) (4... O-O) 5. cxd5 Qxd5 (5... c5 $5 {Cette idée de TOPALOV a été essayée а
plusieurs reprises ensuite par CARLSEN mais elle est trés risquée.} 6. Bg5 (6.
dxc5 Nxd5 7. Bd2 Bxc5 8. Nxd5 Qxd5 9. Rc1 Nd7 10. b4 Bb6 11. e4 Qh5 $13 {
L'Ami,E (2516)-Carlsen,M (2581) Schagen rapid 25'+5 2005 (6) 1-0}) (6. dxc6
Nxc6 $44 {Laznicka,V (2525)-Cvek,R (2498) CZE-ch Brno 2006 (5) 1/2}) 6... Qxd5
7. Bxf6 gxf6 8. dxc5 Qxc5 {Johannessen,L (2543)-Carlsen,M (2528) NOR-ch
Sandnes 2005 (8) 1/2}) 6. Nf3 Qf5 {L'idée de ROMANISHIN} (6... c5 7. Bd2 Bxc3
8. Bxc3 Nc6 9. dxc5 Qxc5 10. Rc1 O-O 11. e3 Nd5 {[%cal Gd5c3];Kasparov,G (2812)
-Anand,V (2781) Siemens Giants rapid 1999 (12) 1/2}) 7. Qxf5 (7. Qb3 Nc6 8. Bd2
O-O 9. h3 $5 $146 {[%csl Rf5][%cal Gg2g4]} b6 10. g4 $36 {Anand,V (2783)
-Kramnik,V (2772) WCh Bonn GER 2008 (6) 1-0}) 7... exf5 {[%csl Ge4]} 8. a3 (8.
Bd2) (8. Bf4) 8... Be7 (8... Bd6) 9. Bf4 {[%csl Rc7]} c6 {Cette ligne est
solide pour les noirs mais un peu passive} 10. e3 Nbd7 (10... Be6) 11. Bd3 $1 {
[%csl Rf5] le georgien a joué plusieurs parties а haut niveau avec cette
variante dont la dernière contre ... ANAND!} (11. Bc4 $143 Nb6 12. Ba2 Be6 $11
{Sokolov,I (2706)-Adams,M (2720) Corus Wijk aan Zee 2004 (3) 1/2}) 11... Nb6
12. O-O a5 $146 (12... O-O {Gagunashvili,M (2580)-Pedersen,N (2471) Vlissingen
HZ op 8th 2004 (6) 1-0}) (12... Be6 13. Bg3 O-O 14. Rfc1 g6 (14... Nh5 15. Bh4
$1 Bxh4 16. Nxh4 g6 {[%csl Re6] les noirs ont des faiblesses sur cases noires.}
)) 13. Rac1 O-O 14. h3 Be6 {[%csl Rc4]} 15. Nd2 {[%csl Gc4]} Rfc8 16. Bh2 $5
$14 {[%cal Gc3e2,Ge2f4] Les pièces blanches sont plus actives et les noirs
n'ont pas totalement égalisé} g6 17. Rc2 a4 {[%csl Rb3]} 18. Ne2 {[%cal Ge2f4]}
Nfd5 19. Nf4 Bd6 20. Nxe6 Bxh2+ 21. Kxh2 fxe6 22. Nf3 {[%csl Ge5]} Nd7 23. Bc4
{[%csl Re6]} (23. Re1 $143 Kg7 24. Nd2 Kf6 25. f3 {[%cal Ge3e4]} e5 26. e4 Nf4
27. dxe5+ Nxe5 28. Bf1 Rd8 $132 {[%csl Rd3]}) 23... Kg7 24. Re1 (24. Ng5 Re8)
24... Kf6 25. e4 $1 fxe4 26. Rxe4 Re8 27. Rce2 Re7 28. Ba2 Ra5 $6 (28... Rae8)
29. Nd2 $1 {[%cal Gd2c4,Gc4a5,Gc4e5]} b5 {[%csl Rc5] Empêche Nc4 mais au
détriment d'un nouvel affaiblissement de l'aile-dame.} 30. Re1 Ra6 31. R4e2 h6
32. Ne4+ Kg7 33. Nd6 Kf6 34. Ne4+ {Répète les coups pour passer le contrôle de
temps} Kg7 35. Nc3 $1 {[%csl Re6] Elimine le défenseur indirect de la
faiblesse "e6"} Nxc3 (35... Nf8 36. Bxd5 cxd5 37. Nxd5 Rd7 38. Nc3 Rxd4 39.
Nxb5 $16) 36. bxc3 c5 37. d5 $1 {[%cal Ge2e7]} c4 $6 (37... Kf6 38. Rxe6+ Raxe6
39. dxe6 Nf8 40. Rb1 Rb7 41. Bc4 $36) 38. Rb2 {[%csl Rb5]} Ra5 39. Rxe6 Rxe6
40. dxe6 Nf6 41. Re2 Ne8 42. Re5 Kf6 43. f4 {[%cal Ga2c4,Ge5a5] la position
noire est difficile а sauver.} Nd6 44. h4 Ra7 (44... h5) 45. g4 g5 46. hxg5+
hxg5 47. Rxg5 Ne4 $2 48. Rf5+ Kg7 49. Rxb5 Nxc3 50. Rg5+ 1-0